| 000 | 00432nam a2200169 a 4500 | ||
|---|---|---|---|
| 001 | 5414 | ||
| 003 | CO-ViMGA | ||
| 008 | 141112s2004 ck r 000 u spa d | ||
| 040 |
_aCO-ViMGA _bspa _cCO-ViMGA |
||
| 082 | 0 | 4 | _a839.816 A533p |
| 100 | 1 |
_aAndersen, Hans Cristian _93722 |
|
| 245 | 1 | 0 | _aCuentos |
| 260 |
_aSantafé de Bogotá : _bPanAméricana, _c1995 |
||
| 300 | _a235 p | ||
| 650 | 1 | 4 |
_aCUENTOS DANESES _93770 |
| 942 |
_2ddc _cBK |
||
| 999 |
_c17403 _d17403 |
||